| 000 | 00468cam a2200181ua 4500 | ||
|---|---|---|---|
| 020 | _cRs 1.50 | ||
| 041 |
_amal _h |
||
| 082 |
_a894.812 1 _bACH/SA |
||
| 100 | _aAchuthan Namboodiri, Akkitham. | ||
| 245 |
_aSancharikal / _cAkkitham Achuthan Namboodiripad. _hTextual Documents |
||
| 260 |
_aThrissur : _bCurrent Books , _c1961. |
||
| 300 | _a87 ; . | ||
| 365 | _aRs 1.50 | ||
| 504 | _a | ||
| 650 | _aPoems - Malayalam | ||
| 942 | _cBK | ||
| 999 |
_c579 _d579 |
||